000 nam a22 a 4500
999 _c3296
_d3296
003 AKMAL
005 20170522110838.0
008 170521s1996 xxk 00 eng d
020 _a0749419121 (pbk.):
_cGBP 8.99
082 0 4 _a658.314 EAL
090 2 0 _a658.314
_bEAL
100 1 _aEales-White, Rupert
_96703
245 1 0 _aHow to be a better teambuilder /
_cRupert Eales-White
260 _aLondon :
_bKogan Page,
_c1996
300 _a128p. ;
_c22cm
504 _aIncludes bibliographical references and index
650 _aWork groups
_96704
650 _aEmployees
_xTraining of
_93413
942 _2ddc
_cBOOK